[Event "53rd Rilton Cup 2025-26"]
[Site "Stockholm SWE"]
[Date "2025.12.31"]
[Round "5.4"]
[White "Sai, Krishna G V"]
[Black "Li, Di"]
[Result "1-0"]
[WhiteTitle "IM"]
[BlackTitle "GM"]
[WhiteElo "2415"]
[BlackElo "2549"]
[WhiteFideId "5028280"]
[BlackFideId "8607508"]
[EventDate "2025.12.27"]

1. e4 c6 2. d4 d5 3. Nc3 dxe4 4. Nxe4 Nf6 5. Nxf6+ exf6 6. c3 Bd6 7. Bd3 O-O 8.
Ne2 Re8 9. O-O Nd7 10. Ng3 g6 11. Bh6 Nf8 12. Ne4 Be7 13. Re1 Ne6 14. Qd2 Bd7
15. h4 Qa5 16. Bc4 b5 17. Bxe6 Bxe6 18. Qf4 Qd8 19. g4 Kh8 20. g5 Bf5 21. gxf6
Bxf6 22. Nd6 Rxe1+ 23. Rxe1 Qc7 24. Bg5 Bxg5 25. hxg5 Kg8 26. Qe5 Be6 27. Nxf7
Qxe5 28. Nxe5 Bd5 29. b3 Re8 30. Re3 Kg7 31. c4 Bg8 32. cxb5 cxb5 33. Rc3 Rf8
34. Rc7+ Kh8 35. Ng4 Rf5 36. Rc5 a5 37. Nf6 Be6 38. Rxf5 Bxf5 39. a3 b4 40. axb4
axb4 41. Nd5 Be6 42. Nxb4 Bxb3 43. d5 Kg7 44. d6 Kf7 45. Nd3 Ke6 46. Nc5+ Kxd6
47. Nxb3 Ke5 48. Kg2 Kf4 49. Nd4 Kxg5 50. Kg3 h6 51. f4+ Kf6 52. Kg4 Ke7 53. Kf3
Kd7 54. Ke4 Kd6 55. Nf3 Ke6 56. Ne5 Kf6 57. Ng4+ Kg7 58. Ke5 h5 59. Nh2 h4 60.
Ng4 Kf7 61. Nf2 Kg7 62. Nh3 Kh6 63. Ke4 1-0

[Event "53rd Rilton Cup 2025-26"]
[Site "Stockholm SWE"]
[Date "2025.12.31"]
[Round "5.5"]
[White "Sengupta, Deep"]
[Black "Xie, Kaifan"]
[Result "1/2-1/2"]
[WhiteTitle "GM"]
[BlackTitle "IM"]
[WhiteElo "2479"]
[BlackElo "2426"]
[WhiteFideId "5008352"]
[BlackFideId "8619107"]
[EventDate "2025.12.27"]

1. e4 e5 2. Bc4 Nf6 3. d3 c6 4. Nf3 d5 5. exd5 cxd5 6. Bb3 Bb4+ 7. c3 Bd6 8. O-O
O-O 9. Bg5 Be6 10. Nbd2 Nbd7 11. Re1 Qc7 12. c4 d4 13. Bxf6 Nxf6 14. c5 Qxc5 15.
Bxe6 fxe6 16. Qb3 Qd5 17. Nc4 Nd7 18. Ncxe5 Nxe5 19. Qxd5 exd5 20. Nxe5 Bxe5 21.
Rxe5 Rae8 22. Rae1 Rxe5 23. Rxe5 Rc8 24. g4 Rc2 25. b4 Rb2 26. a3 Rb3 27. Rxd5
Rxd3 28. a4 Ra3 29. Rxd4 Rxa4 30. Rd8+ Kf7 31. Rd7+ Kf6 32. Rxb7 a5 33. bxa5
Rxa5 34. Kg2 h5 35. h3 hxg4 36. hxg4 Ra4 37. Kg3 g5 38. Rb6+ Kf7 39. Rb5 Kg6 40.
Re5 Ra3+ 41. f3 Ra2 42. Re6+ Kf7 43. Rh6 Ra1 44. Rh2 Kf6 45. Rd2 Re1 46. Rd6+
Kf7 47. Kf2 Re5 48. Rd2 Kf6 49. Ra2 Kf7 50. Re2 Rd5 51. Ke3 Kf6 52. Ra2 Rd6 53.
Ra3 Re6+ 54. Kd4 Rd6+ 55. Ke4 Re6+ 56. Kd5 Re5+ 57. Kd4 Re6 58. Ra5 Rd6+ 59. Rd5
Re6 60. Rf5+ Kg6 61. Rf8 Re1 62. Rf5 Re6 63. Rc5 Rf6 64. Ke4 Rf4+ 65. Ke3 Rf6
66. Re5 Ra6 67. Rd5 Re6+ 68. Kd3 Rf6 69. Ke4 Rf4+ 70. Ke3 Rf6 71. Rd3 Re6+ 72.
Kd4 Kf6 73. Rc3 Rd6+ 74. Ke4 Re6+ 75. Kd5 Re5+ 76. Kd4 Re6 77. Rc8 Rd6+ 78. Ke4
Re6+ 79. Kd5 Re5+ 80. Kd4 Re6 81. Rd8 Kg6 82. Rf8 Re1 83. Rf5 Re6 84. Kd5 Re3
85. Kd4 1/2-1/2

[Event "53rd Rilton Cup 2025-26"]
[Site "Stockholm SWE"]
[Date "2025.12.31"]
[Round "5.6"]
[White "Gschnitzer, Adrian"]
[Black "Hammer, Jon Ludvig"]
[Result "1/2-1/2"]
[WhiteTitle "IM"]
[BlackTitle "GM"]
[WhiteElo "2420"]
[BlackElo "2606"]
[WhiteFideId "1270337"]
[BlackFideId "1503707"]
[EventDate "2025.12.27"]

1. e4 e5 2. Nf3 Nc6 3. Bb5 a6 4. Ba4 Nf6 5. O-O Be7 6. d3 d6 7. c3 O-O 8. h3 Re8
9. Re1 Bf8 10. Nbd2 b5 11. Bc2 Bb7 12. d4 Nb8 13. a4 b4 14. a5 Nbd7 15. d5 c6
16. c4 Nh5 17. Nf1 g6 18. dxc6 Bxc6 19. Ne3 Nc5 20. Nd5 Bxd5 21. cxd5 Rb8 22.
Be3 b3 23. Bd3 Rb4 24. Ra3 Nf4 25. Bxc5 dxc5 26. Rxb3 Nxd3 27. Rxd3 c4 28. Rc3
Qxa5 29. Qe2 Qb5 30. Rc2 Kg7 31. Rec1 Kg8 32. g3 a5 33. Nh2 h5 34. Rd1 Rb8 35.
d6 Rd8 36. Rd5 Qc6 37. Nf3 f6 38. Nd2 Rxd6 39. Rxd6 Qxd6 40. Nxc4 Qe6 41. Kg2 a4
42. Qd3 Rb3 43. Qe2 Rb4 44. Qd3 Rb3 45. Qe2 Rb4 1/2-1/2

[Event "53rd Rilton Cup 2025-26"]
[Site "Stockholm SWE"]
[Date "2025.12.31"]
[Round "5.7"]
[White "Kurmann, Oliver"]
[Black "Bauer, Christian"]
[Result "1/2-1/2"]
[WhiteTitle "IM"]
[BlackTitle "GM"]
[WhiteElo "2409"]
[BlackElo "2552"]
[WhiteFideId "1308173"]
[BlackFideId "603767"]
[EventDate "2025.12.27"]

1. d4 Nf6 2. Bf4 d6 3. Nc3 Nbd7 4. Nf3 c5 5. d5 Qa5 6. a4 g6 7. Qd3 Bg7 8. Bd2
a6 9. Ra3 O-O 10. h3 Qc7 11. e4 b6 12. Be2 Bb7 13. Bf4 Nh5 14. Bh2 Bh6 15. O-O
Nf4 16. Qd1 e5 17. dxe6 fxe6 18. Bc4 Rae8 19. Bxf4 Rxf4 20. Qd3 Kh8 21. Rd1 Bf8
22. Raa1 Qc8 23. Rd2 Rf6 24. Re1 Be7 25. Re3 Bf8 26. Rd1 Qa8 27. Ree1 Be7 28.
Re3 Qc8 29. Qe2 Ref8 30. Rf1 Nb8 31. Ba2 Rf4 32. g3 R4f7 33. Nb1 Nc6 34. c3 b5
35. Nbd2 Bf6 36. h4 c4 37. axb5 axb5 38. b3 d5 39. bxc4 bxc4 40. exd5 exd5 41.
Ng5 Bxg5 42. hxg5 Qh3 43. f4 Bc8 44. Bb1 Bg4 45. Qg2 Qxg2+ 46. Kxg2 Rb8 47. Rf2
Rb2 48. Re1 Ra7 49. Nf1 Bh3+ 50. Kg1 Rb3 51. Ne3 d4 52. Nxc4 Rxc3 53. Kh2 Bg4
54. Ne5 Nxe5 55. fxe5 d3 56. Rd2 Be2 57. Bxd3 Bxd3 58. e6 Bb5 59. Rd8+ Kg7 60.
e7 Ra2+ 61. Kh3 Raa3 62. e8=Q Rxg3+ 63. Kh4 Rh3+ 64. Kg4 Rag3+ 65. Kf4 Rf3+ 66.
Kg4 Rhg3+ 67. Kh4 Bxe8 68. Rexe8 Rh3+ 69. Kg4 1/2-1/2

[Event "53rd Rilton Cup 2025-26"]
[Site "Stockholm SWE"]
[Date "2025.12.31"]
[Round "5.8"]
[White "Heberla, Bartlomiej"]
[Black "Waldhausen Gordon, Frederick"]
[Result "1/2-1/2"]
[WhiteTitle "GM"]
[BlackTitle "FM"]
[WhiteElo "2508"]
[BlackElo "2393"]
[WhiteFideId "1115120"]
[BlackFideId "2409143"]
[EventDate "2025.12.27"]

1. d4 d5 2. c4 e6 3. Nc3 Nf6 4. cxd5 exd5 5. Bg5 Be6 6. e3 Nbd7 7. Bd3 c6 8. f3
Be7 9. Nge2 Nh5 10. Bxe7 Qxe7 11. g4 Nhf6 12. Qd2 O-O-O 13. a4 Ne8 14. a5 a6 15.
Na4 h5 16. gxh5 Rxh5 17. Ng3 Rh6 18. O-O-O Nc7 19. Rhf1 Rdh8 20. Rf2 g6 21. Kb1
f5 22. Rc1 Rh4 23. Nf1 Qd6 24. Rg2 Bf7 25. f4 Kb8 26. Qe1 Rh3 27. Rgc2 Ka7 28.
Qc3 Rc8 29. Qb3 Na8 30. Nc5 Nxc5 31. Rxc5 Be6 32. R5c2 Re8 33. Rg2 Bf7 34. Rg3
Rh4 35. Qc3 Nc7 36. Rc2 Ne6 37. Qb3 Qc7 38. Qb4 Ka8 39. Rgg2 Rh3 40. Rg3 Rh4 41.
Rgg2 Rh3 42. Rc3 Qe7 43. Qxe7 Rxe7 44. Rg3 Rh6 45. b4 Ng7 46. Rc2 Ne8 47. Rcg2
Kb8 48. Nd2 Kc7 49. Re2 Kd6 50. Nf3 Ke6 51. Ne5 Nd6 52. Kc1 1/2-1/2

[Event "53rd Rilton Cup 2025-26"]
[Site "Stockholm SWE"]
[Date "2025.12.31"]
[Round "5.9"]
[White "Raczek, Krzysztof"]
[Black "Miezis, Normunds"]
[Result "1-0"]
[WhiteTitle "IM"]
[BlackTitle "GM"]
[WhiteElo "2489"]
[BlackElo "2375"]
[WhiteFideId "21005303"]
[BlackFideId "11600136"]
[EventDate "2025.12.27"]

1. e4 c5 2. Nf3 e6 3. d4 cxd4 4. Nxd4 a6 5. Bd3 g6 6. O-O Bg7 7. Be3 Ne7 8. c4
Nbc6 9. Nxc6 bxc6 10. c5 O-O 11. Qc2 f5 12. f3 Rb8 13. Nc3 f4 14. Bf2 g5 15. e5
Bxe5 16. Rfe1 Bg7 17. Bxh7+ Kh8 18. Rab1 a5 19. Bd3 Nf5 20. Bxf5 Rxf5 21. Ne4
Rd5 22. b3 Kg8 23. Rbd1 a4 24. Nc3 axb3 25. axb3 Rxd1 26. Rxd1 Qf6 27. Bd4 e5
28. Ne4 Qe7 29. Bf2 Qe6 30. Nxg5 Qxb3 31. Qh7+ Kf8 32. Re1 Ba6 33. Qf5+ Kg8 34.
Qxd7 Bb5 35. Qd6 Ra8 36. Ne6 Re8 37. Nxg7 Kxg7 38. Bd4 Kf7 39. Bxe5 Re6 40. Qd7+
Re7 41. Qf5+ Ke8 42. Qxf4 Qc2 43. Qd4 Kf7 44. Qf2 Qf5 45. Bd6 Ra7 46. Qe3 Kg7
47. Qe8 Kh7 48. Be5 Qf7 49. Qh8+ Kg6 50. Re4 1-0

[Event "53rd Rilton Cup 2025-26"]
[Site "Stockholm SWE"]
[Date "2025.12.31"]
[Round "5.10"]
[White "Cieslak, Patryk"]
[Black "Yang, Zilong"]
[Result "1/2-1/2"]
[WhiteTitle "IM"]
[BlackTitle "FM"]
[WhiteElo "2477"]
[BlackElo "2386"]
[WhiteFideId "21078882"]
[BlackFideId "8641528"]
[EventDate "2025.12.27"]

1. c4 c5 2. Nf3 Nf6 3. Nc3 Nc6 4. d4 cxd4 5. Nxd4 e6 6. g3 Qb6 7. Nb3 Ne5 8. e4
Bb4 9. Qe2 d6 10. Bd2 O-O 11. Bg2 Qa6 12. Nb5 Bxd2+ 13. Nxd2 Qb6 14. f4 Nc6 15.
Qf2 Qd8 16. O-O-O a6 17. Nc3 Qc7 18. c5 dxc5 19. Qxc5 b6 20. Qe3 e5 21. Kb1 Na5
22. Rc1 Qd6 23. fxe5 Qxe5 24. Qf4 Qxf4 25. gxf4 Rd8 26. Nd5 Nxd5 27. exd5 Bb7
28. Rhd1 Bxd5 29. Ne4 Kf8 30. Rxd5 Rxd5 31. Ng5 Rad8 32. Bxd5 Rxd5 33. Rc7 h6
34. Nxf7 Rc5 35. Rd7 Nc6 36. Nh8 a5 37. Ng6+ Kg8 38. b3 Rh5 39. Rd6 Nb4 40. a3
Na6 41. Rxb6 Nc7 42. h4 Kh7 43. Nf8+ Kg8 44. Ng6 Kh7 45. Kb2 Nd5 46. Rd6 Nf6 47.
Nf8+ Kg8 48. Ng6 Kh7 49. Nf8+ Kg8 50. Ne6 Rxh4 51. Ra6 Kf7 52. f5 Ne4 53. Ra7+
Kf6 54. Nxg7 Rh2+ 55. Kc1 Nc3 1/2-1/2

[Event "53rd Rilton Cup 2025-26"]
[Site "Stockholm SWE"]
[Date "2025.12.31"]
[Round "5.11"]
[White "Delgerdalai, Bayarjavkhlan"]
[Black "Willow, Jonah B"]
[Result "1-0"]
[WhiteTitle "FM"]
[BlackTitle "IM"]
[WhiteElo "2376"]
[BlackElo "2473"]
[WhiteFideId "23727276"]
[BlackFideId "438804"]
[EventDate "2025.12.27"]

1. d4 Nf6 2. c4 g6 3. Nc3 d5 4. cxd5 Nxd5 5. e4 Nxc3 6. bxc3 Bg7 7. Be3 c5 8.
Rc1 O-O 9. d5 Qa5 10. Qd2 f5 11. Nf3 f4 12. Bxf4 Bxc3 13. Rxc3 Rxf4 14. Bd3 Bh3
15. Ng5 Bxg2 16. Rg1 Rg4 17. f4 Nd7 18. Be2 Rxg5 19. fxg5 Bxe4 20. Re3 Qxd2+ 21.
Kxd2 Bxd5 22. Rxe7 Nb6 23. a3 Rd8 24. Kc2 Rd7 25. Rxd7 Nxd7 26. Rd1 Bc6 27. Bc4+
Kg7 28. Rd6 Nb6 29. Bd3 Kf7 30. Rf6+ Kg7 31. h4 c4 32. Be2 Nd5 33. Rf2 Ba4+ 34.
Kc1 b5 35. Bg4 Nc7 36. Rd2 Na6 37. Rd7+ Kf8 38. Rxh7 Nc5 39. Rc7 Nd3+ 40. Kd2
Ne5 41. Bd1 Bxd1 42. Kxd1 Nd3 43. Rxa7 b4 44. a4 b3 45. Kd2 Nc5 46. Kc3 Ne4+ 47.
Kb2 Nc5 48. a5 Na4+ 49. Ka3 b2 50. Rb7 c3 51. a6 c2 52. a7 1-0

[Event "53rd Rilton Cup 2025-26"]
[Site "Stockholm SWE"]
[Date "2025.12.31"]
[Round "5.12"]
[White "Bronstein, Or"]
[Black "Zielonka, Adam"]
[Result "1-0"]
[WhiteTitle "IM"]
[BlackTitle "FM"]
[WhiteElo "2470"]
[BlackElo "2348"]
[WhiteFideId "2815770"]
[BlackFideId "21002096"]
[EventDate "2025.12.27"]

1. d4 Nf6 2. c4 e6 3. Nf3 b6 4. g3 Bb7 5. Bg2 Be7 6. Nc3 Ne4 7. Bd2 O-O 8. d5
Nxd2 9. Nxd2 d6 10. h4 e5 11. Qc2 f5 12. O-O-O a6 13. Kb1 Qe8 14. a3 Bc8 15. Bh3
Qf7 16. e3 Nd7 17. f4 exf4 18. exf4 h5 19. Rhe1 g6 20. Nf3 Nc5 21. Bg2 Bf6 22.
Re3 Bd7 23. Ng5 Bxg5 24. hxg5 Rae8 25. Rde1 Rxe3 26. Rxe3 Re8 27. Qe2 Rxe3 28.
Qxe3 Qe8 29. Qxe8+ Bxe8 30. Kc2 Kf8 31. b4 Nb7 32. Bf1 a5 33. Kd3 axb4 34. axb4
Ke7 35. Be2 Nd8 36. Bd1 Nb7 37. Kd4 Bd7 38. Ba4 Bxa4 39. Nxa4 Ke8 40. Nc3 Kd7
41. Kd3 Nd8 42. Kc2 Kc8 43. Kb3 Kd7 44. Ka4 Kc8 45. Nb5 Kd7 46. Nd4 c5 47. bxc5
dxc5 48. Nf3 Nf7 49. Kb5 Kc7 50. Ka6 Nd6 51. Ne5 Ne4 52. Nxg6 Nxg3 53. Nh4 Kd7
54. g6 Ke7 55. d6+ 1-0

[Event "53rd Rilton Cup 2025-26"]
[Site "Stockholm SWE"]
[Date "2025.12.31"]
[Round "5.13"]
[White "Avinash, Ramesh"]
[Black "Sardana, Rishi"]
[Result "1/2-1/2"]
[WhiteTitle "IM"]
[BlackTitle "IM"]
[WhiteElo "2370"]
[BlackElo "2459"]
[WhiteFideId "45018340"]
[BlackFideId "25004301"]
[EventDate "2025.12.27"]

1. e4 e5 2. Nf3 Nc6 3. Bb5 a6 4. Ba4 g6 5. O-O Bg7 6. c3 b5 7. Bc2 d6 8. d4 exd4
9. Nxd4 Bb7 10. a4 Nf6 11. Re1 O-O 12. Bg5 Nxd4 13. cxd4 h6 14. Bh4 Re8 15. d5
c6 16. dxc6 Bxc6 17. Nc3 b4 18. Nd5 Bxd5 19. exd5 Rxe1+ 20. Qxe1 Qb6 21. Bxf6
Bxf6 22. Rb1 b3 23. Bd3 Ra7 24. Qe8+ Kg7 25. Qc6 Qd4 26. Qc4 Qb6 27. Qc6 Qb4 28.
Qc4 Qb8 29. g3 a5 30. Qb5 Qxb5 31. Bxb5 Rc7 32. Bc6 Re7 33. Kf1 Re4 34. Rd1 Rc4
35. Rd3 Rc2 36. Rxb3 Bd4 37. Rf3 Rxb2 38. g4 Kf8 39. h3 Bc5 40. Kg2 Ke7 41. Kf1
Rd2 42. Rf4 Kf8 43. Kg2 Bd4 44. Kf1 Kg7 45. Ke1 Bc3 46. Kf1 Rd3 47. Kg2 Bd4 48.
Rf3 Rd2 49. Be8 f5 50. gxf5 g5 51. f6+ Bxf6 52. Bc6 Be5 53. Kf1 Rb2 54. Re3 Kf6
55. Re2 Rb1+ 56. Kg2 Ke7 57. Re4 h5 58. Re2 Kd8 59. Rc2 Rb3 60. Re2 Kc7 61. Be8
h4 62. Re4 Kb6 63. Rc4 Rd3 64. Bf7 Rd2 65. Kf1 Bd4 66. Ke1 Rxf2 67. Be6 Rf4 68.
Ke2 Rf2+ 69. Ke1 Rf4 70. Ke2 Be5 71. Rxf4 Bxf4 72. Kf3 Kc5 73. Kg4 Kc4 74. Kf3
Kb3 75. Bd7 1/2-1/2

[Event "53rd Rilton Cup 2025-26"]
[Site "Stockholm SWE"]
[Date "2025.12.31"]
[Round "5.14"]
[White "Falkevall, Axel"]
[Black "Hillarp Persson, Tiger"]
[Result "1/2-1/2"]
[WhiteTitle "FM"]
[BlackTitle "GM"]
[WhiteElo "2365"]
[BlackElo "2428"]
[WhiteFideId "1735560"]
[BlackFideId "1700812"]
[EventDate "2025.12.27"]

1. d4 Nf6 2. c4 c6 3. Nc3 d5 4. Nf3 dxc4 5. a4 e6 6. e3 c5 7. Bxc4 Nc6 8. O-O
Be7 9. Qe2 cxd4 10. Rd1 O-O 11. Nxd4 Qc7 12. Nxc6 bxc6 13. b3 a5 14. h3 Qb6 15.
e4 Ba6 16. Bf4 Bxc4 17. bxc4 Bb4 18. Na2 Rfd8 19. Nxb4 axb4 20. Rxd8+ Qxd8 21.
Be5 Qa5 22. Bb2 c5 23. Bxf6 gxf6 24. Qf3 Kg7 25. Qg3+ Kf8 26. Qd6+ Kg7 27. e5 f5
28. Qe7 Qd8 29. Qxc5 Qd2 30. Qd6 Qc3 31. Rd1 Rxa4 32. Rd3 Qc1+ 33. Kh2 Ra3 34.
Rd4 Ra1 35. Qd8 Qg1+ 36. Kg3 Ra3+ 37. Kh4 Qxf2+ 38. Kh5 Qe2+ 39. Rg4+ fxg4 40.
Qg5+ Kf8 41. Qd8+ Kg7 42. Qg5+ 1/2-1/2

[Event "53rd Rilton Cup 2025-26"]
[Site "Stockholm SWE"]
[Date "2025.12.31"]
[Round "5.15"]
[White "Ghasi, Ameet K"]
[Black "Priansh, Das"]
[Result "1-0"]
[WhiteTitle "GM"]
[BlackTitle "FM"]
[WhiteElo "2500"]
[BlackElo "2312"]
[WhiteFideId "409200"]
[BlackFideId "45029946"]
[EventDate "2025.12.27"]

1. c4 Nf6 2. Nc3 g6 3. e4 d6 4. d4 Bg7 5. h3 O-O 6. Be3 Nc6 7. d5 Ne5 8. f4 Ned7
9. Nge2 e6 10. dxe6 fxe6 11. g4 b5 12. cxb5 Bb7 13. Bg2 e5 14. O-O exf4 15. Nxf4
Bh6 16. Qb3+ Rf7 17. Bd4 Bxf4 18. Rxf4 Qe7 19. Raf1 1-0

[Event "53rd Rilton Cup 2025-26"]
[Site "Stockholm SWE"]
[Date "2025.12.31"]
[Round "5.16"]
[White "Horvath, Dominik"]
[Black "Katsanis, Vasileios Dim"]
[Result "1-0"]
[WhiteTitle "GM"]
[BlackTitle "FM"]
[WhiteElo "2557"]
[BlackElo "2336"]
[WhiteFideId "1642561"]
[BlackFideId "42121159"]
[EventDate "2025.12.27"]

1. d4 Nf6 2. c4 e6 3. Nf3 d5 4. g3 Be7 5. Bg2 O-O 6. O-O dxc4 7. Qc2 a6 8. a4
Bd7 9. Rd1 Bc6 10. Bg5 a5 11. e3 Na6 12. Qxc4 h6 13. Bxf6 Bxf6 14. Nc3 Bxf3 15.
Bxf3 c6 16. Ne2 Nb4 17. Nf4 Qb6 18. Rd2 Rad8 19. Rad1 Bg5 20. Ng2 Nd5 21. h4 Be7
22. e4 Qb4 23. Qc2 Nb6 24. b3 Rd7 25. Nf4 Rfd8 26. d5 cxd5 27. exd5 Qc5 28. Qxc5
Bxc5 29. Nd3 Bb4 30. Nxb4 axb4 31. dxe6 Rxd2 32. Rxd2 Re8 33. exf7+ Kxf7 34.
Bh5+ 1-0

[Event "53rd Rilton Cup 2025-26"]
[Site "Stockholm SWE"]
[Date "2025.12.31"]
[Round "5.17"]
[White "Schippke, Manon"]
[Black "Blomqvist, Erik"]
[Result "0-1"]
[WhiteTitle "WIM"]
[BlackTitle "GM"]
[WhiteElo "2337"]
[BlackElo "2490"]
[WhiteFideId "45100446"]
[BlackFideId "1709437"]
[EventDate "2025.12.27"]

1. Nf3 d5 2. b3 Bf5 3. Bb2 Nf6 4. e3 e6 5. c4 Nbd7 6. Be2 h6 7. O-O c6 8. d4 Bd6
9. Ne5 Qc7 10. f4 Ne4 11. Nd2 Ndf6 12. c5 Be7 13. b4 h5 14. Nb3 g5 15. b5 Ng4
16. Nxg4 hxg4 17. Bxg4 Bxg4 18. Qxg4 Kd7 19. b6 Qb8 20. bxa7 Qg8 21. fxg5 f5 22.
Qf3 Qh7 23. Qh3 Qg6 24. Qf3 Nxg5 25. Qg3 Qh5 26. Nd2 Rxa7 27. Bc1 Bd8 28. Nf3
Ne4 29. Qg7+ Kc8 30. h3 Bf6 31. g4 Qxh3 0-1

[Event "53rd Rilton Cup 2025-26"]
[Site "Stockholm SWE"]
[Date "2025.12.31"]
[Round "5.18"]
[White "Fecker, Noah"]
[Black "Trost, Edvin"]
[Result "1/2-1/2"]
[WhiteTitle "FM"]
[BlackTitle "IM"]
[WhiteElo "2365"]
[BlackElo "2466"]
[WhiteFideId "1334263"]
[BlackFideId "1729519"]
[EventDate "2025.12.27"]

1. e4 e6 2. d4 d5 3. e5 c5 4. c3 Nc6 5. Nf3 Qc7 6. Be2 f6 7. Bf4 fxe5 8. dxe5
Nh6 9. O-O Nf7 10. c4 d4 11. Nbd2 Be7 12. Ne4 b6 13. Re1 Bb7 14. Nd6+ Nxd6 15.
exd6 Bxd6 16. Bxd6 Qxd6 17. Ng5 e5 18. Bd3 g6 19. Qf3 Qd7 20. Qf6 Rf8 21. Nxh7
Qxh7 22. Bxg6+ Kd7 23. Qxc6+ Bxc6 24. Bxh7 Rfe8 25. f3 a6 26. Rac1 Kd6 27. Bd3
b5 28. Kf2 Rab8 29. Rc2 bxc4 30. Bxc4 Bb5 31. b3 1/2-1/2

[Event "53rd Rilton Cup 2025-26"]
[Site "Stockholm SWE"]
[Date "2025.12.31"]
[Round "5.19"]
[White "Rozentalis, Eduardas"]
[Black "Vijayakumar, Rishi"]
[Result "1/2-1/2"]
[WhiteTitle "GM"]
[BlackTitle "FM"]
[WhiteElo "2461"]
[BlackElo "2280"]
[WhiteFideId "12800023"]
[BlackFideId "2408953"]
[EventDate "2025.12.27"]

1. e4 e5 2. Nf3 Nc6 3. Nc3 Nf6 4. Bb5 Nd4 5. O-O c6 6. Bd3 Nxf3+ 7. Qxf3 g6 8.
Qg3 d6 9. Be2 Bg7 10. d3 O-O 11. a4 Ne8 12. a5 Nc7 13. f4 Ne6 14. Be3 exf4 15.
Bxf4 Nxf4 16. Qxf4 b5 17. Qd2 Qh4 18. g3 Bh6 19. gxh4 Bxd2 20. h5 Bh3 21. Rf3
Bg4 22. Rf2 Be6 23. Kg2 Be3 24. Rff1 Bd4 25. Bf3 b4 26. Ne2 Bg7 27. d4 Bc4 28.
Rfd1 c5 29. dxc5 dxc5 30. Rab1 Ba2 31. Ra1 Bc4 32. Rab1 Rad8 33. b3 Bxe2 34.
Bxe2 Rxd1 1/2-1/2

[Event "53rd Rilton Cup 2025-26"]
[Site "Stockholm SWE"]
[Date "2025.12.31"]
[Round "5.20"]
[White "Baenziger, Fabian"]
[Black "Kienboeck, Benjamin"]
[Result "1-0"]
[WhiteTitle "IM"]
[BlackTitle "FM"]
[WhiteElo "2451"]
[BlackElo "2306"]
[WhiteFideId "1330110"]
[BlackFideId "1649353"]
[EventDate "2025.12.27"]

1. e4 c6 2. d4 d5 3. exd5 cxd5 4. Bd3 Nc6 5. c3 Qc7 6. h3 g6 7. Ne2 Bf5 8. Bf4
Qd7 9. Bb5 Bg7 10. Nd2 a6 11. Bxc6 Qxc6 12. O-O Nh6 13. Ng3 Bd7 14. Re1 e6 15.
Qf3 f6 16. Nh5 O-O 17. Nxg7 Kxg7 18. Bxh6+ Kxh6 19. Nb3 b6 20. Nc1 Qd6 21. Nd3
Rae8 22. Re3 Kg7 23. Rae1 a5 24. h4 Re7 25. Qf4 Qc6 26. Qg3 Rfe8 27. h5 g5 28.
f4 h6 29. Rf1 Rf8 30. fxg5 hxg5 31. Rxf6 1-0

[Event "53rd Rilton Cup 2025-26"]
[Site "Stockholm SWE"]
[Date "2025.12.31"]
[Round "5.21"]
[White "Kavutskiy, Kostya"]
[Black "Sriansh Das"]
[Result "1/2-1/2"]
[WhiteTitle "IM"]
[BlackTitle "FM"]
[WhiteElo "2354"]
[BlackElo "2191"]
[WhiteFideId "2026384"]
[BlackFideId "45030081"]
[EventDate "2025.12.27"]

1. Nf3 Nf6 2. b3 d5 3. Bb2 e6 4. g3 Be7 5. Bg2 O-O 6. c4 Nbd7 7. O-O b6 8. Nc3
Bb7 9. d4 c6 10. Qd3 Rc8 11. Nd2 c5 12. cxd5 exd5 13. Rac1 cxd4 14. Qxd4 Nc5 15.
Rfd1 Qd7 16. Nf3 Rfd8 17. e3 h6 18. Ne5 Qe6 19. Ne2 Qf5 20. g4 Qh7 21. Nf4 g5
22. Nfd3 Nfe4 23. Nxc5 Nxc5 24. Nf3 Ne4 25. Nd2 Nc5 26. Nf1 Ne6 27. Qe5 Rxc1 28.
Rxc1 Bf8 29. Qf5 Qxf5 30. gxf5 Nc5 31. Rd1 Bg7 32. f6 Bh8 33. Ng3 Kh7 34. Nf5 d4
35. Rxd4 Bxf6 36. Rxd8 Bxd8 37. Bxb7 Nxb7 38. b4 Bc7 39. b5 Nd6 40. Nd4 Nc4 41.
Bc1 Kg6 42. f4 Bd6 43. Kg2 Bc5 44. fxg5 Bxd4 45. exd4 hxg5 46. Kf3 Kf5 47. h3
Nd6 48. a4 Nc4 49. Ke2 f6 50. Kd3 Nd6 51. d5 Ne4 52. a5 Ke5 53. axb6 axb6 54.
Be3 Kxd5 55. Bxb6 Nd6 56. Bd8 Nxb5 57. Bxf6 Nd6 58. Bxg5 Ke5 59. Ke3 Kf5 60. Be7
Ne4 61. h4 Nf6 62. Bxf6 Kxf6 63. Kf4 Kg6 64. Kg4 Kh7 65. Kg5 Kg7 66. h5 Kh7 67.
h6 Kh8 68. Kg6 Kg8 69. h7+ Kh8 70. Kh6 1/2-1/2

[Event "53rd Rilton Cup 2025-26"]
[Site "Stockholm SWE"]
[Date "2026.01.02"]
[Round "6.1"]
[White "Xu, Xiangyu"]
[Black "Sai, Krishna G V"]
[Result "1-0"]
[WhiteTitle "GM"]
[BlackTitle "IM"]
[WhiteElo "2601"]
[BlackElo "2415"]
[WhiteFideId "8608288"]
[BlackFideId "5028280"]
[EventDate "2025.12.27"]

1. d4 Nf6 2. Bg5 d5 3. e3 c5 4. Bxf6 gxf6 5. dxc5 e6 6. Nf3 Nd7 7. c4 dxc4 8.
Bxc4 Nxc5 9. Qc2 a6 10. a4 Qa5+ 11. Nbd2 Bd7 12. O-O Rc8 13. Rfc1 Bg7 14. Bf1
O-O 15. Qb1 Qd8 16. a5 f5 17. Ra3 Bb5 18. b4 Ne4 19. Rxc8 Qxc8 20. Bxb5 Nxd2 21.
Nxd2 axb5 22. Rd3 Rd8 23. g4 Bc3 24. Nf3 Rxd3 25. Qxd3 Qc6 26. Qd8+ Kg7 27. Nd4
Bxd4 28. Qxd4+ Kg6 29. g5 Kh5 30. h3 Qf3 31. Qg7 Qxh3 32. Qxf7+ Kg4 33. Qxb7 Qh4
34. Qh1 1-0

[Event "53rd Rilton Cup 2025-26"]
[Site "Stockholm SWE"]
[Date "2026.01.02"]
[Round "6.2"]
[White "Dotzer, Lukas"]
[Black "Demchenko, Anton"]
[Result "0-1"]
[WhiteTitle "IM"]
[BlackTitle "GM"]
[WhiteElo "2478"]
[BlackElo "2631"]
[WhiteFideId "1666975"]
[BlackFideId "4160258"]
[EventDate "2025.12.27"]

1. e4 d6 2. d4 Nf6 3. Nc3 e5 4. Nf3 Nbd7 5. Bc4 Be7 6. a4 O-O 7. O-O c6 8. Re1
h6 9. h3 Re8 10. a5 Qc7 11. Bf1 Nf8 12. d5 Bd7 13. Nd2 Reb8 14. Nc4 Ng6 15. Be3
Bf8 16. Qd3 cxd5 17. exd5 Re8 18. a6 Nf4 19. Bxf4 exf4 20. Rxe8 Nxe8 21. Na5
bxa6 22. Qxa6 Rb8 23. Nc6 Rxb2 24. Nb5 Qb6 25. Qxa7 Qxa7 26. Rxa7 Nf6 27. Bd3 g5
28. Nbd4 g4 29. Bf5 g3 30. fxg3 fxg3 31. Kf1 Bxf5 32. Nxf5 Rxc2 33. Ra8 Nxd5 34.
Nxh6+ Kh7 35. Ng4 Bg7 36. Nd8 f5 37. Ne6 fxg4 38. Ra7 Ne3+ 39. Ke1 Nxg2+ 40. Kd1
Ne3+ 41. Ke1 g2 0-1